Izolácia rododendrolu a malinového ketónu z brezovej kôry a ich identifikácia ako i stanovenie antioxidačných a antimikrobiálnych účinkov diplomová práca

Gespeichert in:
Bibliographische Detailangaben
1. Verfasser: Červenčík, Karol
Format: Buch
Sprache:Slowakisch
Veröffentlicht: Bratislava STU FCHPT 2017
Online-Zugang:Im OPAC anzeigen
Tags: Tag hinzufügen
Keine Tags, Fügen Sie das erste Tag hinzu!

MARC

LEADER 00000nam a2200000 a 4500
005 20260127134347.0
008 170630 2017 xo 001 0 slo d
035 |a vtls011700194 
039 9 |y 201706301205  |z mschk03 
040 |a STUSCHK1  |b slo  |c STUSCHK1  |e AACR2 
100 1 |a Červenčík, Karol 
245 1 |a Izolácia rododendrolu a malinového ketónu z brezovej kôry a ich identifikácia ako i stanovenie antioxidačných a antimikrobiálnych účinkov  |b diplomová práca  |c Karol Červenčík 
260 |a Bratislava  |b STU FCHPT  |c 2017 
300 |a 76 s.  |b il.  |c 25 cm 
500 |a Študijný program: výžia a hodnotenie kvality potravín 
500 |a Študijný odbor: potravinárstvo 
500 |a Školiace pracovisko: Odd. výživy a hodnotenia potravín 
500 |a Evid. číslo: FCHPT-104540-42665 
910 |a SCHK95 
999 |c 10809  |d 10809